• 首页
  • 本馆介绍
  • 公告通知
  • 最新文献
  • 馆藏检索
  • 电子资源
  • 读者导购
  • 参考咨询
  • 我的图书馆
  • 登录
  • 详细信息显示
  • 放入我的书架
  • 预约/预借图书
  • 作者相关作品
  • 分类相关作品
  • 丛书相关作品
  • 出版社相关作品

书目信息

  • 表格格式
  • 工作单格式
  • 卡片格式
题名:
心学的形上学问题探本
    
 
作者: 任文利 著
分册:  
出版信息: 郑州   中州古籍出版社  2005
页数: 278页
开本: 21cm
丛书名: 中国哲学前沿丛书
单 册:
中图分类: B248.2
科图分类:
主题词: 心学--研究--中国--明代
电子资源:
ISBN: 7-5348-2236-X
000 00947oam2 2200289 45
001 080000010480
005 20051226154620.06
010    @a7-5348-2236-X@dCNY20.00
092    @aCN
100    @a20050609d2005 ekmy0chiy0120 ea
101 0  @achi
102    @aCN@b410000
105    @ay z 000yy
200 1  @a心学的形上学问题探本@9xin xue de xing shang xue wen ti tan ben@f任文利著@Fren wen li zhu
210    @a郑州@c中州古籍出版社@d2005
215    @a278页@d21cm
225 2  @a中国哲学前沿丛书@f王中江主编
320    @a有书目:第273-277页
330    @a本书分为上下两编:上编对明代著名哲学家王阳明的心学哲学思想进行了研究;下编对王阳明以后的哲学家的心学思想进行了研究。
461  0 @12001 @a中国哲学前沿丛书
600  0 @a王守仁@f1472~1528@x心学@x研究
606 0  @a心学@x研究@y中国@z明代
690    @aB248.2@v4
701  0 @a任文利@Aren wen li@4著
801  0 @aCN@bCXYBOOK@c20051226
905    @a10447@dB248.2@e15
999    @aWJ@eGLX
    
    心学的形上学问题探本/任文利著.-郑州:中州古籍出版社,2005
    278页;21cm.-(中国哲学前沿丛书/王中江主编)
    
    
    ISBN 7-5348-2236-X:CNY20.00
    本书分为上下两编:上编对明代著名哲学家王阳明的心学哲学思想进行了研究;下编对王阳明以后的哲学家的心学思想进行了研究。
●
相关链接 在E读中查询图书 在五车中查询图书 在当当中查询图书 在豆瓣中查询图书


正题名:心学的形上学问题探本     索取号:B248.2/15         预约/预借

序号 登录号 条形码 馆藏地/架位号 状态 备注
1 0372652   203726520   第一样本阅览室/ [索取号:B248.2/15] 在馆    
2 0372653   203726539   第一借阅区/ [索取号:B248.2/15] 在馆    
3 0372654   203726548   第一借阅区/ [索取号:B248.2/15] 在馆    
4 0372655   203726557   第一借阅区/ [索取号:B248.2/15] 在馆    
5 0372656   203726566   第一借阅区/ [索取号:B248.2/15] 在馆    
唐山师范学院图书馆 欢迎您!
大连网信软件有限公司© 版权所有